000 01000cam a2200277 a 4500
999 _c28326
_d28326
001 12503626
005 20180204020039.0
008 010510s2001 paua b 001 0 eng d
010 _a 2001419396
020 _a1888603038
035 _a(OCoLC)ocm46922094
040 _aPIT
_cPIT
_dDLC
042 _alccopycat
050 0 0 _aBF408 .S23 2001
100 1 _aSaaty, Thomas L.
245 1 0 _aCreative thinking, problem solving and decision making /
_cThomas L. Saaty.
260 _aPittsburgh, PA :
_bRWS Publications,
_cc2001.
300 _ax, 267 p. :
_bill. ;
_c29 cm. +
_e1 computer optical disk.
504 _aIncludes bibliographical references (p. 255-262) and index.
650 0 _aCreative ability.
650 0 _aCreative thinking.
650 0 _aProblem solving.
942 _2ddc
_cBOOKS
_hBF408 .S23 2001
_01